Statistics for Armenian Adjectives

Click here to take the quiz!

General Stats

  • This quiz has been taken 62 times
    (31 since last reset)
  • The average score is 7 of 22

Answer Stats

WordAnswer% Correct
good, welllav
100%
badvat
70%
hungrysovats
50%
warm, hottak
40%
freeazat
35%
newnor
35%
cheerful, happyurakh
35%
tiredhognats
30%
full / not hungryk'usht'
30%
sadt'khur
30%
expensivetank
25%
thirstytsarav
25%
boringdzandzrali
20%
difficultdzhvar
20%
cheapezhan
20%
beautifulgeghetsik
20%
easyhesht
20%
uglytgegh
20%
oldheen
15%
coldtsurt
10%
busyzvaghnots
10%
interestinghetakrkeer
5%

Score Distribution

Percentile by Number Answered

Percent of People with Each Score

Your Score History

You have not taken this quiz since the last reset